| 000 | 00957nac a22002531u 4500 | ||
|---|---|---|---|
| 010 | _a 00040055 | ||
| 020 | _a0203189779 (electronic bk.) | ||
| 020 | _a041925210X (alk. paper) | ||
| 082 | 0 | 0 |
_a690.24 _bRIC |
| 090 |
_c5663 _d5663 |
||
| 100 | _aRichardson, Barry A., | ||
| 245 | 1 | 0 |
_aDefects and deterioration in buildings / _cBarry A. Richardson. |
| 250 | _a2nd ed. | ||
| 260 |
_aLondon ; _aNew York : _bSpon Press,c.2001. _cc.2001. |
||
| 300 |
_axv, 203 p. : _bill. ; _c31 cm. |
||
| 500 | _aDistributer : Al-Ahram. | ||
| 504 | _aIncludes bibliographical references (p. [199]) and index. | ||
| 511 | _aCatalogued By : Mahitab. | ||
| 650 | 0 | _aBuilding failures. | |
| 650 | 0 |
_aBuildings _xProtection. |
|
| 856 | 4 | 1 | _uhttp://www.netLibrary.com/urlapi.asp?action=summary&v=1&bookid=65735 |
| 856 | 4 | 1 |
_3Publisher description _uhttp://www.loc.gov/catdir/enhancements/fy0652/00040055-d.html |
| 942 |
_cBB _k690.24RIC |
||
| 999 |
_c5663 _d5663 |
||